| 000 | 00662nam a2200229 a 4500 | ||
|---|---|---|---|
| 999 |
_c3248 _d3248 |
||
| 001 | 3262471 | ||
| 003 | GBCCL | ||
| 005 | 20241126110450.0 | ||
| 008 | 820609s1982 tnua 000 0 eng | ||
| 010 | _a 81068926 | ||
| 020 | _a080542542X (pbk.) | ||
| 040 |
_aDLC _cDLC _dDLC |
||
| 050 | 0 | 0 |
_aBV652.25 _b.P68 1982 |
| 082 | 0 | 0 |
_a254.5 _219 _bPOW |
| 100 | 1 |
_aPowell, Paul W. _9212 |
|
| 245 | 1 | 4 |
_aThe nuts and bolts of church growth / _cPaul W. Powell. |
| 260 |
_aNashville, Tenn. : _bBroadman Press, _cc1982. |
||
| 300 |
_a144 p. : _bill. ; _c20 cm. |
||
| 650 | 0 |
_aChurch growth. _9291 |
|
| 906 |
_a7 _bcbc _corignew _d3 _eopcn _f19 _gy-gencatlg |
||
| 942 |
_2ddc _cBK _08 |
||